00217nam a22000857a 4500082001500000100001900015245004800034260004100082300000800123 a541.36 BUC aA.D.Buckingham aThe Laws and applications of Thermodynamics aNew yorkbThe Mcmillan Companyc1964 a208